01543nam a22003737a 4500003000500000005001700005008004100022010001000063011001000073035001000083040000900093090001000102100003700112245011200149260004300261300001000304502012100314590003700435590004100472590004100513590004100554590004100595590004200636650003000678650003800708650003100746901000700777942000900784949004300793949005500836999001700891952013300908952012801041CHAP20220329140933.0971013s1989 r 00010 d a60055 a61027 a65191 cCHAP aTesis00aBastarrachea Loeza,Josue.910737 aEvaluación de 4 genotipos de maíz (Zea mays L.) a tres fechas de siembra en el Valle de Juárez, Chih. aCd. Juárez, Chih. :bEl autor,c1989 a62 h. aTesis (Ing. Agr. Esp. en Fitotecnia) -- Escuela Superior de Agricultura Hermanos Escobar. Departamento de Fitotecnia aALEPHb10c20130110lUCH01h1339 aBATCH-UPDb10c20130110lUCH01h0302 aBATCH-UPDb10c20130110lUCH01h2035 aBATCH-UPDb10c20130409lUCH01h2334 aBATCH-UPDb10c20130914lUCH01h1747 aCONVERSIONb10c20130109lUCH01h133214aMaízxChihuahua.97089814aMaízxFechas de siembra.97095414aMaízxVariedades.971081 aBK cFOLL bBCcTESd-144483eTS1h29027i65191si bBCcTESd33724000170197eTS2fc.2h29028i65191si c60055d60055 00102local4053708TESISaBCbBCcPA_TESISd2019-12-31fTESISl0p33724000170197r2019-12-31 00:00:00tc.2w2019-12-31yTESIS 00102local4051708TESISaBCbBCcPA_TESISd2019-12-31fTESISl0oTesisp-144483r2019-12-31 00:00:00w2019-12-31yTESIS